000 00730nam a2200193Ia 4500
003 GCL
008 140319s9999 xx 000 0 ara d
040 _aGCL /
_cGCL
082 0 4 _a338.9
_bم ا
100 1 _aمركز دراسات الوحدة العربية
245 1 0 _aالاعتماد المتبادل والتكامل الاقتصادى والواقع العربى: مقارنات نظرية /
_cمركز دراسات الوحدة العربية
700 1 _aابراهيم العيسوى
260 _a[S.N] :
_bمركز دراسات الوحدة العربية ،
_c1990
300 _a413 ص
490 _a
650 0 4 _aالعالم العربى
650 0 4 _aالتكامل الاقتصادى
942 _2ddc
_cBK
999 _c35486
_d35486